[Event "Titled Tuesday intern op 17th Sep Early"]
[Site "Chess,com INT"]
[Date "2024.09.17"]
[Round "3"]
[White "Mrudul, Dehankar"]
[Black "Silva, Pedro Gil Ferreira"]
[Result "1/2-1/2"]
[WhiteElo "2036"]
[BlackElo "2229"]
[PlyCount "100"]
[EventDate "2024.09.17"]
[EventType "swiss (blitz)"]
[EventRounds "11"]
[EventCountry "USA"]
[SourceTitle "EXT 2025"]
[Source "ChessBase"]
[SourceDate "2024.10.14"]
[SourceVersion "1"]
[SourceVersionDate "2024.10.14"]
[SourceQuality "1"]

1. e4 c5 2. Nf3 e6 3. d4 cxd4 4. Nxd4 a6 5. Bd3 Qc7 6. 0-0 Nf6 7. Qe2 d6 8. f4 Nbd7 9. c4 Be7 10. Nc3 b6 11. b4 Bb7 12. Be3 0-0 13. Rac1 Rac8 14. a3 Qb8 15. g4 g6 16. g5 Nh5 17. Qg2 Rfe8 18. Be2 Ng7 19. h4 e5 20. fxe5 Nxe5 21. Nd5 Bxd5 22. cxd5 b5 23. Bf4 Qa7 24. Qf2 Qd7 25. Bxe5 dxe5 26. Qxf7+ Kh8 27. Rxc8 Rxc8 28. Nc6 Re8 29. Nxe5 Qh3 30. Qf4 Kg8 31. Qf7+ Kh8 32. Qf4 Kg8 33. Bg4 Qc3 34. Be6+ Kh8 35. Nf7+ Kg8 36. Nd6+ Kh8 37. Nxe8 Qd4+ 38. Kh1 Qd3 39. Nxg7 Bd6 40. Qxd6 Qxf1+ 41. Kh2 Qf2+ 42. Kh3 Qf3+ 43. Qg3 Qh1+ 44. Kg4 Qxe4+ 45. Qf4 Qg2+ 46. Qg3 Qe4+ 47. Kh3 Qh1+ 48. Qh2 Qf3+ 49. Qg3 Qh1+ 50. Kg4 Qe4+ 1/2-1/2

[Event "Titled Tuesday intern op 17th Sep Early"]
[Site "Chess,com INT"]
[Date "2024.09.17"]
[Round "2"]
[White "Silva, Pedro Gil Ferreira"]
[Black "Chen, Ryo"]
[Result "0-1"]
[WhiteElo "2229"]
[BlackElo "2421"]
[PlyCount "56"]
[EventDate "2024.09.17"]
[EventType "swiss (blitz)"]
[EventRounds "11"]
[EventCountry "USA"]
[SourceTitle "EXT 2025"]
[Source "ChessBase"]
[SourceDate "2024.10.14"]
[SourceVersion "1"]
[SourceVersionDate "2024.10.14"]
[SourceQuality "1"]

1. e4 c5 2. Nf3 d6 3. d4 cxd4 4. Qxd4 Nf6 5. Nc3 Nc6 6. Bb5 Bd7 7. Bxc6 Bxc6 8. Bg5 e6 9. 0-0-0 Be7 10. Rhe1 0-0 11. Kb1 h6 12. Bh4 e5 13. Qd3 g5 14. Bg3 Rc8 15. h4 Nd7 16. hxg5 hxg5 17. Rh1 Kg7 18. Nd2 Nc5 19. Qf3 f5 20. Nc4 Qc7 21. Ne3 f4 22. Qh5 Rh8 23. Nf5+ Kf6 24. Qg4 Nxe4 25. Bh4 Nxc3+ 26. bxc3 gxh4 27. Rxh4 Rxh4 28. Nxh4 Be4 0-1

[Event "Titled Tuesday intern op 17th Sep Early"]
[Site "Chess,com INT"]
[Date "2024.09.17"]
[Round "1"]
[White "Silva, Pedro Gil Ferreira"]
[Black "Exposito Milan, Adrian"]
[Result "1-0"]
[WhiteElo "2229"]
[BlackElo "2229"]
[PlyCount "35"]
[EventDate "2024.09.17"]
[EventType "swiss (blitz)"]
[EventRounds "11"]
[EventCountry "USA"]
[SourceTitle "EXT 2025"]
[Source "ChessBase"]
[SourceDate "2024.10.14"]
[SourceVersion "1"]
[SourceVersionDate "2024.10.14"]
[SourceQuality "1"]

1. e4 c5 2. Nf3 g6 3. c3 d5 4. exd5 Qxd5 5. d4 cxd4 6. cxd4 Nc6 7. Nc3 Qd8 8. d5 Nb8 9. Bb5+ Bd7 10. Qe2 Nf6 11. 0-0 a6 12. Bxd7+ Nbxd7 13. d6 e6 14. Bg5 Bxd6 15. Rad1 Be7 16. Ne5 Nd5 17. Bxe7 Qxe7 18. Nxd7 1-0

[Event "Leca da Palmeira op 3rd"]
[Site "Leca da Palmeira"]
[Date "2024.08.03"]
[Round "6"]
[White "Silva, Pedro Gil Ferreira"]
[Black "Elashvili, Giorgi"]
[Result "1-0"]
[WhiteElo "2239"]
[BlackElo "1958"]
[PlyCount "121"]
[EventDate "2024.07.31"]
[EventType "swiss"]
[EventRounds "9"]
[EventCountry "POR"]
[SourceTitle "EXT 2025"]
[Source "ChessBase"]
[SourceDate "2024.10.14"]
[SourceVersion "1"]
[SourceVersionDate "2024.10.14"]
[SourceQuality "1"]

1. e4 c5 2. Nf3 g6 3. d4 cxd4 4. Nxd4 Nc6 5. c4 Nf6 6. Nc3 d6 7. Be2 Nxd4 8. Qxd4 Bg7 9. Be3 0-0 10. Qd2 Be6 11. Rc1 Qa5 12. f3 Rfc8 13. b3 a6 14. Na4 Qxd2+ 15. Kxd2 Nd7 16. g4 Rcb8 17. Nc3 b5 18. Nd5 Bxd5 19. cxd5 Rb7 20. Rc6 Ne5 21. Rc2 e6 22. Rhc1 h5 23. Rc8+ Rxc8 24. Rxc8+ Kh7 25. gxh5 gxh5 26. dxe6 fxe6 27. f4 Ng4 28. Bxg4 hxg4 29. Rd8 d5 30. exd5 exd5 31. Rxd5 Rf7 32. Rh5+ Kg8 33. Rg5 Kf8 34. Rxg4 Ke7 35. Ke2 Bf6 36. Kf3 Rh7 37. Rg2 Ke6 38. Ke4 b4 39. Rc2 Bc3 40. Rg2 Kf6 41. Bd4+ Bxd4 42. Kxd4 Rc7 43. Ke4 a5 44. Rd2 Re7+ 45. Kf3 Ra7 46. Rd6+ Kf5 47. Rd5+ Ke6 48. Rb5 Kd6 49. h4 Kc6 50. Rb8 Kd5 51. Rd8+ Ke6 52. Ke4 Rh7 53. Ra8 Rh5 54. Ra6+ Kd7 55. Kf3 Kc7 56. Kg4 Rc5 57. h5 Kb7 58. Re6 Rc2 59. h6 Rxa2 60. Re3 Rg2+ 61. Rg3 1-0

[Event "Leca da Palmeira op 3rd"]
[Site "Leca da Palmeira"]
[Date "2024.08.01"]
[Round "3"]
[White "Gholami Orimi, Mahdi"]
[Black "Silva, Pedro Gil Ferreira"]
[Result "1-0"]
[WhiteElo "2505"]
[BlackElo "2239"]
[PlyCount "91"]
[EventDate "2024.07.31"]
[EventType "swiss"]
[EventRounds "9"]
[EventCountry "POR"]
[SourceTitle "EXT 2025"]
[Source "ChessBase"]
[SourceDate "2024.10.14"]
[SourceVersion "1"]
[SourceVersionDate "2024.10.14"]
[SourceQuality "1"]

1. d4 Nf6 2. c4 e6 3. Nc3 Bb4 4. e3 0-0 5. Bd3 c5 6. Nge2 cxd4 7. exd4 d5 8. cxd5 Nxd5 9. 0-0 Re8 10. Bc2 Bf8 11. Qd3 g6 12. Bb3 Nxc3 13. bxc3 Bg7 14. Ng3 Bd7 15. Ne4 Bc6 16. Re1 Bxe4 17. Rxe4 Nc6 18. h4 Na5 19. Ba4 Nc6 20. Rb1 Qa5 21. Qb5 Rec8 22. Bd2 Qxb5 23. Bxb5 Na5 24. Be1 b6 25. Ba6 Rd8 26. f3 Rd7 27. g4 Rad8 28. Kf1 Bf8 29. Ke2 Rc7 30. Kd3 Nb7 31. Kc2 Nd6 32. Re2 Bg7 33. Bf2 Bf8 34. Bg3 Rc6 35. a4 Nc4 36. Kd3 Bd6 37. f4 Na5 38. Re4 Rc7 39. Be1 Nb7 40. Kc2 Na5 41. Rd1 Nc4 42. d5 b5 43. dxe6 fxe6 44. Bxb5 Na3+ 45. Kb3 a6 46. Rxe6 1-0

[Event "POR-chT"]
[Site "Soure"]
[Date "2024.07.19"]
[Round "7.4"]
[White "Pereira, Ruben Miguel Nunes"]
[Black "Silva, Pedro Gil Ferreira"]
[Result "1-0"]
[WhiteElo "2455"]
[BlackElo "2239"]
[PlyCount "74"]
[EventDate "2024.07.15"]
[EventType "team-tourn"]
[EventRounds "9"]
[EventCountry "POR"]
[SourceTitle "CBM 221 Extra"]
[Source "ChessBase"]
[SourceDate "2024.09.30"]
[SourceVersion "1"]
[SourceVersionDate "2024.09.30"]
[SourceQuality "1"]
[WhiteTeam "Estrelas S Joao de Brito"]
[BlackTeam "Vitoria"]
[WhiteTeamCountry "POR"]
[BlackTeamCountry "POR"]

1. e4 c5 2. Nc3 Nc6 3. f4 g6 4. Nf3 Bg7 5. a4 a6 6. Nd5 e6 7. Ne3 d5 8. d3 Nge7 9. Be2 Nd4 10. 0-0 0-0 11. c3 Nxe2+ 12. Qxe2 Bd7 13. e5 b5 14. axb5 axb5 15. Rxa8 Qxa8 16. d4 b4 17. Bd2 Qa4 18. Qd1 Qxd1 19. Rxd1 bxc3 20. bxc3 cxd4 21. cxd4 Ra8 22. Rb1 Ba4 23. Rb7 Nc6 24. Bc3 Rc8 25. Be1 h5 26. h3 Bh6 27. g3 Nd8 28. Rb6 Nc6 29. Kf2 Rb8 30. Rxb8+ Nxb8 31. Bb4 Nc6 32. Bc5 Bb5 33. h4 Ba4 34. Ke2 Bf8 35. Bd6 Be7 36. Bxe7 Kg7 37. Ng2 Bb5+ 1-0

[Event "Titled Tuesday intern op 09th Jul Early"]
[Site "Chess.com INT"]
[Date "2024.07.09"]
[Round "8"]
[White "Lenoir Ibacache, Gabriel Alberto"]
[Black "Silva, Pedro Gil Ferreira"]
[Result "0-1"]
[WhiteElo "2228"]
[BlackElo "2239"]
[PlyCount "70"]
[EventDate "2024.07.09"]
[EventType "swiss (blitz)"]
[EventRounds "11"]
[EventCountry "USA"]
[SourceTitle "EXT 2025"]
[Source "ChessBase"]
[SourceDate "2024.10.14"]
[SourceVersion "1"]
[SourceVersionDate "2024.10.14"]
[SourceQuality "1"]

1. e4 b6 2. d3 Bb7 3. g3 g6 4. Bg2 Bg7 5. Nf3 d6 6. 0-0 e5 7. Re1 Nd7 8. c3 Ngf6 9. Nbd2 0-0 10. Nf1 Re8 11. h3 a5 12. a4 Nc5 13. Qc2 Qd7 14. Bg5 h6 15. Bxf6 Bxf6 16. Ne3 Bg7 17. Nd2 Rad8 18. Ndc4 Rf8 19. Rad1 Qxa4 20. Qxa4 Nxa4 21. d4 exd4 22. cxd4 Rfe8 23. e5 Bxg2 24. Kxg2 dxe5 25. dxe5 Rxd1 26. Rxd1 Bxe5 27. Nd5 Nxb2 28. Nxb2 Bxb2 29. Nxc7 Rc8 30. Nd5 Rb8 31. Ne7+ Kf8 32. Nc6 Rc8 33. Na7 Rc2 34. Rd6 a4 35. Rxb6 Rxf2+ 0-1

[Event "Titled Tuesday intern op 09th Jul Early"]
[Site "Chess.com INT"]
[Date "2024.07.09"]
[Round "11"]
[White "Silva, Pedro Gil Ferreira"]
[Black "Kobalia, Mihail"]
[Result "0-1"]
[WhiteElo "2239"]
[BlackElo "2543"]
[PlyCount "52"]
[EventDate "2024.07.09"]
[EventType "swiss (blitz)"]
[EventRounds "11"]
[EventCountry "USA"]
[SourceTitle "EXT 2025"]
[Source "ChessBase"]
[SourceDate "2024.10.14"]
[SourceVersion "1"]
[SourceVersionDate "2024.10.14"]
[SourceQuality "1"]

1. e4 c5 2. Nf3 e6 3. c3 Nf6 4. e5 Nd5 5. d4 cxd4 6. Bc4 Nb6 7. Bb3 d6 8. cxd4 dxe5 9. Nxe5 Nc6 10. Nxc6 bxc6 11. 0-0 Be7 12. Nc3 0-0 13. Bc2 g6 14. Re1 Re8 15. Qf3 Nd5 16. Bh6 Rb8 17. Rab1 a5 18. Ne4 Nb4 19. Bb3 Ba6 20. a3 Nd3 21. Ba4 Nxe1 22. Rxe1 Qxd4 23. Bg5 Qxa4 24. Nf6+ Bxf6 25. Qxf6 Rbd8 26. Bf4 Rd1 0-1

[Event "Titled Tuesday intern op 02nd Jul Late"]
[Site "Chess.com INT"]
[Date "2024.07.02"]
[Round "9"]
[White "Arslanov, Shamil"]
[Black "Silva, Pedro Gil Ferreira"]
[Result "1-0"]
[WhiteElo "2410"]
[BlackElo "2239"]
[PlyCount "43"]
[EventDate "2024.07.02"]
[EventType "swiss (blitz)"]
[EventRounds "11"]
[EventCountry "USA"]
[SourceTitle "EXT 2025"]
[Source "ChessBase"]
[SourceDate "2024.10.14"]
[SourceVersion "1"]
[SourceVersionDate "2024.10.14"]
[SourceQuality "1"]

1. d4 Nf6 2. Nc3 d5 3. e4 dxe4 4. f3 e3 5. Bxe3 a6 6. Bd3 e6 7. f4 Nbd7 8. Nf3 c5 9. Qe2 cxd4 10. Bxd4 Bc5 11. 0-0-0 Bxd4 12. Nxd4 Qc7 13. Nxe6 fxe6 14. Qxe6+ Kf8 15. Bc4 Ne5 16. Qxe5 Qxc4 17. Rd8+ Kf7 18. Rxh8 b5 19. Re1 b4 20. Ne4 Nxe4 21. Qe8+ Kf6 22. Rf8+ 1-0

[Event "Titled Tuesday intern op 02nd Jul Late"]
[Site "Chess.com INT"]
[Date "2024.07.02"]
[Round "5"]
[White "Baskakov, Egor"]
[Black "Silva, Pedro Gil Ferreira"]
[Result "1/2-1/2"]
[WhiteElo "2215"]
[BlackElo "2239"]
[PlyCount "178"]
[EventDate "2024.07.02"]
[EventType "swiss (blitz)"]
[EventRounds "11"]
[EventCountry "USA"]
[SourceTitle "EXT 2025"]
[Source "ChessBase"]
[SourceDate "2024.10.14"]
[SourceVersion "1"]
[SourceVersionDate "2024.10.14"]
[SourceQuality "1"]

1. e4 c5 2. Nf3 e6 3. Be2 a6 4. c4 Qc7 5. 0-0 Nf6 6. Nc3 Be7 7. d4 cxd4 8. Nxd4 d6 9. Be3 0-0 10. Rc1 Nbd7 11. h3 b6 12. f4 Bb7 13. Bf3 Rfe8 14. Re1 Bf8 15. Bf2 Rac8 16. e5 dxe5 17. Bxb7 exd4 18. Bxc8 dxc3 19. Bxd7 cxb2 20. Bxe8 bxc1Q 21. Bxf7+ Qxf7 22. Qxc1 Nh5 23. g3 Bb4 24. Rd1 Qg6 25. Qb1 Nxf4 26. Qxg6 Nxg6 27. Bxb6 Ne5 28. Bf2 Kf7 29. c5 Ke7 30. Rd6 a5 31. Ra6 Nd3 32. Be3 Nxc5 33. Bxc5+ Bxc5+ 34. Kg2 Bb4 35. Kf3 Kf6 36. Ke4 h5 37. Rc6 g6 38. Rc2 Bd6 39. Rc3 Ke7 40. g4 hxg4 41. hxg4 Kf6 42. Rc6 Bb4 43. Rb6 Be1 44. Rb5 g5 45. a3 Bd2 46. Rb3 Be1 47. Rf3+ Ke7 48. Rd3 Kf6 49. Kd4 Bf2+ 50. Ke4 Be1 51. Re3 Bd2 52. Re2 Bc3 53. Rc2 Be1 54. Rc1 Bd2 55. Rd1 Bc3 56. Rf1+ Ke7 57. Kd3 Bb2 58. a4 Ba3 59. Kc4 Bb4 60. Rb1 Bd2 61. Rb5 Kf6 62. Kd3 Be1 63. Ke4 Bd2 64. Kd4 Be1 65. Kc5 Ke5 66. Kb6+ Kf4 67. Kc6 e5 68. Rb8 e4 69. Kd5 e3 70. Rf8+ Kxg4 71. Ke4 Bd2 72. Kd3 Kg3 73. Ke2 g4 74. Rf6 Kg2 75. Rf4 g3 76. Rf7 Kh2 77. Rh7+ Kg1 78. Kf3 g2 79. Rg7 Kf1 80. Rxg2 Ke1 81. Re2+ Kd1 82. Rg2 Kc2 83. Ke2 Kb3 84. Rg4 Bb4 85. Kxe3 Kxa4 86. Kd3 Kb3 87. Rg8 a4 88. Ra8 a3 89. Rxa3+ Bxa3 1/2-1/2

[Event "Adeje Arona op"]
[Site "Adeje"]
[Date "2024.06.25"]
[Round "6"]
[White "Van der Lende, Ilias"]
[Black "Silva, Pedro Gil Ferreira"]
[Result "1-0"]
[WhiteElo "2415"]
[BlackElo "2239"]
[PlyCount "47"]
[EventDate "2024.06.22"]
[EventType "swiss"]
[EventRounds "10"]
[EventCountry "ESP"]
[SourceTitle "CBM 220 Extra"]
[Source "ChessBase"]
[SourceDate "2024.07.31"]
[SourceVersion "1"]
[SourceVersionDate "2024.07.31"]
[SourceQuality "1"]

1. d4 Nf6 2. Nf3 e6 3. c4 Bb4+ 4. Nbd2 0-0 5. g3 b6 6. Bg2 Bb7 7. 0-0 Bxd2 8. Qxd2 Be4 9. b3 d6 10. Bb2 Nbd7 11. Rad1 Qe7 12. Nh4 Bxg2 13. Kxg2 d5 14. f3 c5 15. cxd5 exd5 16. dxc5 Qxc5 17. Nf5 Rfe8 18. e4 h6 19. exd5 Rad8 20. Rf2 Ne5 21. d6 Re6 22. Rc1 Qd5 23. Ne7+ Rxe7 24. Qxd5 1-0

[Event "Adeje Arona op"]
[Site "Adeje"]
[Date "2024.06.24"]
[Round "4"]
[White "Zhao, Yuanhe"]
[Black "Silva, Pedro Gil Ferreira"]
[Result "1/2-1/2"]
[WhiteElo "2463"]
[BlackElo "2239"]
[PlyCount "98"]
[EventDate "2024.06.22"]
[EventType "swiss"]
[EventRounds "10"]
[EventCountry "ESP"]
[SourceTitle "CBM 220 Extra"]
[Source "ChessBase"]
[SourceDate "2024.07.31"]
[SourceVersion "1"]
[SourceVersionDate "2024.07.31"]
[SourceQuality "1"]

1. Nf3 e6 2. c4 Nf6 3. Nc3 d5 4. e3 Be7 5. b3 0-0 6. Bb2 c5 7. cxd5 exd5 8. d4 Nc6 9. Bb5 Bg4 10. Bxc6 bxc6 11. dxc5 Bxc5 12. 0-0 Qe7 13. Rc1 Bd6 14. Ne2 Rac8 15. Ng3 Rfe8 16. Qd3 Bxf3 17. gxf3 Be5 18. Bxe5 Qxe5 19. Rc5 Nd7 20. Rc2 Qe6 21. Kg2 c5 22. Rd1 Nb6 23. Rdc1 Nd7 24. Rd2 Nb6 25. h4 h6 26. Qf5 g6 27. Qf4 h5 28. Qh6 Qe5 29. f4 Qg7 30. Qxg7+ Kxg7 31. Rdc2 c4 32. Ne2 a5 33. Nd4 a4 34. bxc4 Nxc4 35. Rd1 Re4 36. Rcc1 Rh8 37. Rb1 Ree8 38. Nc6 Rc8 39. Nd4 Rb8 40. f5 a3 41. Rb3 Rxb3 42. axb3 Nd6 43. fxg6 fxg6 44. Ra1 Ra8 45. Ne6+ Kf7 46. Nc7 Ra7 47. Nxd5 Nb5 48. Nb6 Ra6 49. Nd5 Rc6 1/2-1/2

[Event "Titled Tuesday intern op 11th Jun Early"]
[Site "Chess.com INT"]
[Date "2024.06.11"]
[Round "2"]
[White "Hernandez Jimenez, Alexander Andres"]
[Black "Silva, Pedro Gil Ferreira"]
[Result "0-1"]
[WhiteElo "2026"]
[BlackElo "2239"]
[PlyCount "68"]
[EventDate "2024.06.11"]
[EventType "swiss (blitz)"]
[EventRounds "11"]
[EventCountry "USA"]
[SourceTitle "EXT 2025"]
[Source "ChessBase"]
[SourceDate "2024.10.14"]
[SourceVersion "1"]
[SourceVersionDate "2024.10.14"]
[SourceQuality "1"]

1. e4 c5 2. Nf3 e6 3. d4 cxd4 4. Nxd4 a6 5. c4 Qc7 6. Nc3 Nf6 7. Nc2 Be7 8. Be2 d6 9. 0-0 0-0 10. Ne3 b6 11. b3 Bb7 12. f3 Nbd7 13. Bb2 Rfe8 14. Rc1 Bf8 15. Kh1 Rac8 16. a3 Qb8 17. b4 d5 18. cxd5 exd5 19. Ncxd5 Rxc1 20. Bxc1 Nxd5 21. Nxd5 Bd6 22. g3 f5 23. Bd3 Ne5 24. Bf4 Rd8 25. Qb3 Kh8 26. Kg2 b5 27. Rd1 Qa8 28. Bb1 Nc4 29. Bxd6 Rxd6 30. h3 Bxd5 31. exd5 Rxd5 32. Rxd5 Qxd5 33. Qc3 h6 34. h4 Kg8 0-1

[Event "Titled Tuesday intern op 11th Jun Early"]
[Site "Chess.com INT"]
[Date "2024.06.11"]
[Round "9"]
[White "Silva, Pedro Gil Ferreira"]
[Black "Arias, Juan Cruz"]
[Result "0-1"]
[WhiteElo "2239"]
[BlackElo "2342"]
[PlyCount "90"]
[EventDate "2024.06.11"]
[EventType "swiss (blitz)"]
[EventRounds "11"]
[EventCountry "USA"]
[SourceTitle "EXT 2025"]
[Source "ChessBase"]
[SourceDate "2024.10.14"]
[SourceVersion "1"]
[SourceVersionDate "2024.10.14"]
[SourceQuality "1"]

1. c4 e6 2. Nf3 d5 3. g3 dxc4 4. Bg2 a6 5. 0-0 Nf6 6. Qc2 c5 7. Qxc4 b5 8. Qc2 Bb7 9. a4 Be7 10. axb5 axb5 11. Rxa8 Bxa8 12. Nc3 Qb6 13. d3 0-0 14. Be3 Rc8 15. Ra1 Bb7 16. Qb3 b4 17. Na4 Qb5 18. Rc1 Nbd7 19. Nc3 Qa5 20. Nd1 Bd5 21. Qc2 Qa2 22. Bg5 h6 23. Bf4 Bb3 24. Qd2 Nd5 25. Ne3 Nxf4 26. gxf4 Bf6 27. d4 c4 28. Ng4 Qa5 29. Nxf6+ Nxf6 30. Ne5 c3 31. bxc3 bxc3 32. Qd3 Bd5 33. e4 Bb7 34. Nc4 Qb4 35. Rxc3 Ba6 36. Bf1 Nxe4 37. Qxe4 Qxc3 38. Nd6 Rd8 39. Nxf7 Kxf7 40. Bxa6 Qxd4 41. Qb7+ Rd7 42. Qc6 Qd1+ 43. Bf1 Qd5 44. Qc2 Qd4 45. f5 Qg4+ 0-1

[Event "Titled Tuesday intern op 11th Jun Early"]
[Site "Chess.com INT"]
[Date "2024.06.11"]
[Round "3"]
[White "Silva, Pedro Gil Ferreira"]
[Black "Domingo Nunez, Alejandro"]
[Result "0-1"]
[WhiteElo "2239"]
[BlackElo "2318"]
[PlyCount "73"]
[EventDate "2024.06.11"]
[EventType "swiss (blitz)"]
[EventRounds "11"]
[EventCountry "USA"]
[SourceTitle "EXT 2025"]
[Source "ChessBase"]
[SourceDate "2024.10.14"]
[SourceVersion "1"]
[SourceVersionDate "2024.10.14"]
[SourceQuality "1"]

1. e4 g6 2. d4 Bg7 3. Nc3 c6 4. f4 d5 5. e5 Nh6 6. Nf3 f6 7. Be3 0-0 8. Bd3 Bg4 9. 0-0 fxe5 10. fxe5 Nf5 11. Bf2 c5 12. dxc5 e6 13. Qe2 Nc6 14. h3 Nfd4 15. Bxd4 Nxd4 16. Qe3 Nxf3+ 17. gxf3 Bxh3 18. Rf2 Qh4 19. f4 Bh6 20. Ne2 g5 21. fxg5 Bxg5 22. Rxf8+ Rxf8 23. Qg3 Qxg3+ 24. Nxg3 Be3+ 25. Kh2 Bg4 26. Rf1 Bf4 27. Re1 h5 28. Kg2 h4 29. Ne2 Be3 30. Ng1 Rf2+ 31. Kh1 Bf4 32. Ne2 Bf3+ 33. Kg1 Rg2+ 34. Kf1 Be3 35. c4 Rf2+ 36. Kg1 Rxe2+ 37. Kf1 0-1

[Event "Titled Tuesday intern op 11th Jun Early"]
[Site "Chess.com INT"]
[Date "2024.06.11"]
[Round "8"]
[White "Silva, Pedro Gil Ferreira"]
[Black "Ezat, Mohamed Mahmoud"]
[Result "1/2-1/2"]
[WhiteElo "2239"]
[BlackElo "2328"]
[PlyCount "136"]
[EventDate "2024.06.11"]
[EventType "swiss (blitz)"]
[EventRounds "11"]
[EventCountry "USA"]
[SourceTitle "EXT 2025"]
[Source "ChessBase"]
[SourceDate "2024.10.14"]
[SourceVersion "1"]
[SourceVersionDate "2024.10.14"]
[SourceQuality "1"]

1. e4 c6 2. d4 d5 3. e5 Bf5 4. Nf3 e6 5. Be2 h6 6. 0-0 Nd7 7. c3 g5 8. Nbd2 Ne7 9. Re1 Ng6 10. Nf1 g4 11. N3d2 h5 12. Ne3 Ne7 13. Nxf5 Nxf5 14. Nf1 Bh6 15. Bxh6 Rxh6 16. Qd2 Rh8 17. Ne3 Qg5 18. Bd3 Nh4 19. Kh1 Kf8 20. b4 Ng6 21. Bxg6 Qxg6 22. Rf1 h4 23. f4 gxf3 24. Rxf3 h3 25. Raf1 hxg2+ 26. Qxg2 Qxg2+ 27. Kxg2 Rh7 28. h3 a5 29. a3 axb4 30. axb4 Ra2+ 31. R1f2 Rxf2+ 32. Kxf2 Ke7 33. Kg3 f6 34. exf6+ Nxf6 35. Ng4 Ne4+ 36. Kg2 b6 37. Ne5 c5 38. bxc5 bxc5 39. dxc5 Nxc5 40. c4 d4 41. Nc6+ Kd6 42. Nxd4 Ne4 43. Re3 Rg7+ 44. Kh2 Nd2 45. Rxe6+ Kc5 46. Ne2 Nf3+ 47. Kh1 Kxc4 48. Rf6 Ne1 49. h4 Kd3 50. Ng1 Rg4 51. Nf3 Nxf3 52. Rxf3+ Ke4 53. Rh3 Rg6 54. h5 Rh6 55. Kg2 Kf4 56. Rh4+ Kg5 57. Rh1 Rb6 58. Rh3 Kh6 59. Kh2 Rb2+ 60. Kg3 Rc2 61. Kg4 Rc5 62. Kg3 Rf5 63. Kg4 Rg5+ 64. Kh4 Ra5 65. Rg3 Ra4+ 66. Rg4 Ra6 67. Rg6+ Rxg6 68. hxg6 Kxg6 1/2-1/2

[Event "Titled Tuesday intern op 30th Apr Early"]
[Site "Chess.com INT"]
[Date "2024.04.30"]
[Round "4"]
[White "Silva, Pedro Gil Ferreira"]
[Black "Blokhin, Sofia"]
[Result "1-0"]
[WhiteElo "2237"]
[BlackElo "2009"]
[PlyCount "73"]
[EventDate "2024.04.30"]
[EventType "swiss (blitz)"]
[EventRounds "11"]
[EventCountry "USA"]
[SourceTitle "CBM 220 Extra"]
[Source "ChessBase"]
[SourceDate "2024.07.31"]
[SourceVersion "1"]
[SourceVersionDate "2024.07.31"]
[SourceQuality "1"]

1. c4 c5 2. Nf3 Nc6 3. d4 cxd4 4. Nxd4 e5 5. Nb5 d6 6. N1c3 a6 7. Na3 Nf6 8. Nc2 Be6 9. e4 Be7 10. Be2 0-0 11. 0-0 Rc8 12. Be3 Na5 13. b3 b5 14. Nd5 Bxd5 15. exd5 bxc4 16. b4 Nb7 17. a4 a5 18. Rb1 axb4 19. Nxb4 Na5 20. Qc2 Rb8 21. Bxc4 Rc8 22. Nc6 Nxc6 23. dxc6 d5 24. Ba6 Ra8 25. Bb7 d4 26. Bd2 d3 27. Qc4 e4 28. c7 Qd7 29. Bxa8 Bd6 30. Qc6 Qe6 31. Rb8 Nd7 32. Rxf8+ Nxf8 33. c8Q Qe5 34. g3 h5 35. Bf4 Qd4 36. Qxd6 Qxd6 37. Bxd6 1-0

[Event "Titled Tuesday intern op 16th Apr Early"]
[Site "Chess.com INT"]
[Date "2024.04.16"]
[Round "4"]
[White "Schut, Han"]
[Black "Silva, Pedro Gil Ferreira"]
[Result "0-1"]
[WhiteElo "2091"]
[BlackElo "2237"]
[PlyCount "158"]
[EventDate "2024.04.16"]
[EventType "swiss (blitz)"]
[EventRounds "11"]
[EventCountry "USA"]
[SourceTitle "CBM 219 Extra"]
[Source "ChessBase"]
[SourceDate "2024.05.31"]
[SourceVersion "1"]
[SourceVersionDate "2024.05.31"]
[SourceQuality "1"]

1. e4 c5 2. Nf3 e6 3. c4 a6 4. Nc3 Qc7 5. Be2 Nf6 6. 0-0 Be7 7. d4 cxd4 8. Nxd4 0-0 9. Be3 d6 10. Rc1 Nbd7 11. f3 b6 12. Qd2 Bb7 13. Rfd1 Rfe8 14. Bf1 Rac8 15. Kh1 Qb8 16. Qf2 Bd8 17. Qg1 Bc7 18. Bf2 Red8 19. b4 Ne5 20. Nb3 Ba8 21. Na4 b5 22. cxb5 axb5 23. Nc3 Nc4 24. Nxb5 Qxb5 25. Rxc4 Qa4 26. Rdc1 Qd7 27. b5 d5 28. exd5 Bxd5 29. R4c2 h5 30. Nc5 Qd6 31. Na6 Ne8 32. a4 Bb7 33. b6 Bb8 34. Rxc8 Bxc8 35. Nxb8 Qxb8 36. a5 h4 37. h3 g5 38. a6 Nf6 39. b7 Bxb7 40. axb7 Qxb7 41. Be3 Rd5 42. Qf2 Nh5 43. Bc4 Rf5 44. Qd2 Qe7 45. Bd3 Rd5 46. Qc2 Ng3+ 47. Kg1 Qd6 48. Bf1 Qe5 49. Bf2 Nf5 50. Bd3 Nd4 51. Qc8+ Kg7 52. Be4 Rd6 53. Bxd4 Qxd4+ 54. Kh2 Qe5+ 55. Kh1 Qf4 56. Qc2 Rd2 57. Qc3+ f6 58. Rg1 Rd7 59. Qc6 Re7 60. Qc5 Qc7 61. Qxc7 Rxc7 62. Re1 f5 63. Bd3 Kf6 64. Bf1 Rc3 65. Kg1 e5 66. Kf2 Rc2+ 67. Re2 Rc5 68. Rd2 e4 69. fxe4 fxe4 70. Ke3 Ke5 71. Be2 Rc3+ 72. Kf2 e3+ 73. Ke1 exd2+ 74. Kxd2 Ra3 75. Ke1 Kf4 76. Kf2 Ra2 77. Kf1 Kg3 78. Bf3 Ra1+ 79. Ke2 Rg1 0-1